Fourth European IUE Conference (Record no. 8758)

MARC details
000 -LEADER
fixed length control field 00836nam a2200217Ia 4500
003 - CONTROL NUMBER IDENTIFIER
control field IN-BaIIA
008 - FIXED-LENGTH DATA ELEMENTS--GENERAL INFORMATION
fixed length control field 211028s9999 xx 000 0 eng d
020 ## - INTERNATIONAL STANDARD BOOK NUMBER
International Standard Book Number 0379-6566
040 ## - CATALOGING SOURCE
Transcribing agency IIA Library
080 ## - UNIVERSAL DECIMAL CLASSIFICATION NUMBER
Universal Decimal Classification number 52-76(082)
Item number ESA-4
111 ## - MAIN ENTRY--MEETING NAME
Meeting name or jurisdiction name as entry element International Ultraviolet Explorer Conference 
Number of part/section/meeting 4th
Location of meeting Rome, Italy
Date of meeting or treaty signing 1984 May 15-18
9 (RLIN) 14724
245 #0 - TITLE STATEMENT
Title Fourth European IUE Conference
Remainder of title proceedings of the fourth international ultraviolet explorer Conference held in Rome, Italy, 15-18 May 1984
Statement of responsibility, etc. edited by Erica Rolfe and Bruce Battrick
260 ## - PUBLICATION, DISTRIBUTION, ETC.
Place of publication, distribution, etc. France
Name of publisher, distributor, etc. European Space Agency
Date of publication, distribution, etc. 1984
300 ## - PHYSICAL DESCRIPTION
Extent xx, 518p.
650 ## - SUBJECT ADDED ENTRY--TOPICAL TERM
Topical term or geographic name entry element Astronomy and Astrophysics Thesaurus
650 ## - SUBJECT ADDED ENTRY--TOPICAL TERM
Topical term or geographic name entry element International Ultraviolet Explorer
9 (RLIN) 12266
650 ## - SUBJECT ADDED ENTRY--TOPICAL TERM
Topical term or geographic name entry element IUE
9 (RLIN) 11538
700 ## - ADDED ENTRY--PERSONAL NAME
Personal name Battrick, Bruce., ed.
700 ## - ADDED ENTRY--PERSONAL NAME
Personal name Rolfe, Eric, ed.
9 (RLIN) 14725
942 ## - ADDED ENTRY ELEMENTS (KOHA)
Koha item type Books
Holdings
Withdrawn status Lost status Damaged status Not for loan Home library Current library Shelving location Date acquired Total Checkouts Full call number Barcode Date last seen Price effective from Koha item type
        IIA Library-Bangalore IIA Library-Bangalore General Stacks 14/07/1986   52-76(082)/ ESA-4 9634 05/11/2021 14/07/1986 Books

Powered by Koha